000 00494nam a2200181Ia 4500
003 GCL
008 140319s9999 xx 000 0 ara d
040 _aGCL /
_cGCL
082 0 4 _a370.1
_bى ت
100 1 _aيوسف ميخائيل اسعد
245 1 0 _aالتربية لمجتمع متحرر /
_cيوسف ميخائيل اسعد
300 _a310 ص
490 _a
650 0 4 _aالتعليم
650 0 4 _aالتربية
650 0 4 _aالجوانب النفسية
942 _2ddc
_cBK
999 _c41961
_d41961